Представление документа в формате MARC21

Поле Инд. ПП Название Значение
Тип записи a
Библиографический уровень b
001 Контрольный номер e77dca84a2044bb98502a4bf953ba8ea
005 Дата корректировки 20220413170302.9
024 80 a Стандартный номер DOI: 10.1016/j.nuclphysa.2008.01.016
040 a Служба первич. каталог. Web of Science
041 0_ a Код языка текста eng
084 a Индекс другой классификации/Индекс ББК 22.381
097 a Костяева О.Г.
097 a Спаскова Н.О.
100 1_ a Автор Prokhorova E. V.
100 1_ a Автор Bogachev A. A.
100 1_ a Автор Itkis M. G.
100 1_ a Автор Itkis I. M.
100 1_ q Полное имя Оганесян Юрий Цолакович
g Прочие сведения РИНЦ AuthorID: 21136 (http://elibrary.ru/author_profile.asp?id= 21136); Scopus Author ID: 35401658500 (https://www.scopus.com/authid/detail.uri?authorId=35401658500)
u Дополнение Оганесян Ю. Ц.; Oganessian Yu Ts
a Автор Oganessian Yu. Ts.
c Титул (звания) академик РАН; доктор физико-математических наук
i 000091251
k Кафедра ядерной физики; Факультет естественных и инженерных наук
245 10 a Заглавие The fusion-fission and quasi-fission processes in the reaction Ca-48+Pb-208 at energies near the Coulomb barrier
650 04 a Основная рубрика физика; ядерная физика; экспериментальная физика
773 18 t Название источника Nuclear Physics A
d Место и дата издания 2008
b Сведения об издании Elsevier Science Publishing Company, Inc.
c Нидерланды
n Примечание https://elibrary.ru/title_about.asp?id=791
n Примечание https://www.scopus.com/sourceid/29083?origin=recordpage
m Специф. данные входит в ядро РИНЦ
m Специф. данные входит в Scopus
g Прочая информация V. 802. - issue 1 - 4. - P. 45 - 66
w Контрольный № источника 47ef5b6799ea4728bf572a656f7ba7ea
901 t Тип документа b
952 c Вид литературы статья в журнале